000 00867 a2200265 4500
005 20251127163425.0
008 251127b |||||||| |||| 00| 0 eng d
020 _a9781509555086 (hbk)
037 _cTB
040 _aCRL
_cCRL
041 _2eng
_aeng
084 _aY15v R2
_qCRL
100 _aTodd, Emmanuel
_9848706
245 _aLineages of the feminine:
_ban outline of a history of women
260 _aCambridge, UK:
_bPolity Press,
_c2023.
300 _axiii, 317p.
365 _b35.00
_cUSD
650 _aWomen
_9853364
650 _aFeminism
_9853365
650 _aSociology
_9853366
650 _aFeminism History
_9853367
700 _aBrown, Andrew
_etranslated.
_9853368
942 _cTB
_2CC
_n0
_hY15v R2
999 _c1464824
_d1464824